000 00295nam a2200109 4500
999 _c10031
_d10031
008 180726b ||||| |||| 00| 0 eng d
245 _aVaccines vs meningitis pushed.
260 _aPhilippines
_bThe Philippine Star
_cc2016
300 _apage F-2.
650 0 _929634
_aVaccines.
942 _2ddc
_cPER